[Event "TUR-ch U07/12"]
[Site "Antalya"]
[Date "2023.01.24"]
[Round "5"]
[White "Asri, Isa"]
[Black "Dogan, Umut Anil"]
[Result "0-1"]
[WhiteElo "1456"]
[BlackElo "1856"]
[PlyCount "136"]
[EventDate "2023.01.17"]
[EventType "swiss"]
[EventRounds "10"]
[EventCountry "TUR"]
[SourceTitle "EXT 2024"]
[Source "ChessBase"]
[SourceDate "2023.10.10"]
[SourceVersion "1"]
[SourceVersionDate "2023.10.10"]
[SourceQuality "1"]

1. e4 c6 2. d4 d5 3. exd5 cxd5 4. Nf3 Nc6 5. Bd3 Bg4 6. c3 e6 7. 0-0 Bd6 8. Be3 Nge7 9. Nbd2 Bf5 10. Qe2 0-0 11. Rfe1 Rc8 12. Nh4 Bxd3 13. Qxd3 a6 14. Nb3 Qc7 15. h3 b5 16. Bg5 Qb6 17. Bxe7 Bxe7 18. Nf3 a5 19. Ne5 Nxe5 20. dxe5 b4 21. Rab1 bxc3 22. bxc3 a4 23. Nd4 Qc7 24. Nb5 Qc4 25. Qc2 Rc5 26. Qe2 h6 27. Rb4 Qxe2 28. Rxe2 Rxc3 29. Rxa4 Rc1+ 30. Kh2 Bc5 31. Ra6 Rd8 32. Rc6 d4 33. Rd2 d3 34. Nd6 Be3 35. Rxc1 Bxd2 36. Rc4 f6 37. Rd4 fxe5 38. Rxd3 Bb4 39. Kg3 Rxd6 40. Re3 Ra6 41. Kf3 Rxa2 42. Rxe5 Kf7 43. Re4 Bc5 44. Rf4+ Ke7 45. Kg4 Rxf2 46. Rc4 Rxg2+ 47. Kf3 Rg5 48. h4 Rf5+ 49. Kg4 g5 50. hxg5 hxg5 51. Ra4 Rf4+ 52. Rxf4 gxf4 53. Kxf4 Kf6 54. Ke4 e5 55. Kd5 Ba7 56. Ke4 Ke6 57. Kd3 Kf5 58. Ke2 Ke4 59. Kd2 Kf3 60. Ke1 e4 61. Kd1 e3 62. Ke1 Bd4 63. Kd1 e2+ 64. Kc2 e1Q 65. Kb3 Qc3+ 66. Ka4 Qb2 67. Ka5 Bc5 68. Ka6 Qb6# 0-1

[Event "Kesan op"]
[Site "Kesan"]
[Date "2022.08.03"]
[Round "2"]
[White "Annaberdiev, Meilis"]
[Black "Asri, Isa"]
[Result "1-0"]
[WhiteElo "2484"]
[BlackElo "1334"]
[PlyCount "79"]
[EventDate "2022.08.02"]
[EventType "swiss"]
[EventRounds "9"]
[EventCountry "TUR"]
[SourceTitle "CBM 209 Extra"]
[Source "ChessBase"]
[SourceDate "2022.09.30"]
[SourceVersion "1"]
[SourceVersionDate "2022.09.30"]
[SourceQuality "1"]

1. e4 e6 2. d4 d5 3. e5 c5 4. c3 Nc6 5. Nf3 Qb6 6. Bd3 Bd7 7. dxc5 Bxc5 8. 0-0 Qc7 9. Bf4 Nge7 10. Bg3 h6 11. Nbd2 0-0 12. b4 Bb6 13. Rc1 Rad8 14. Qe2 a6 15. a3 Qb8 16. c4 dxc4 17. Nxc4 Bc7 18. Bh4 b5 19. Qe4 Ng6 20. Bxd8 Rxd8 21. Nd6 Bxd6 22. exd6 Qxd6 23. Rfd1 f5 24. Qe3 Qe7 25. Bb1 e5 26. Qb6 Rf8 27. Rxd7 Qxd7 28. Qxc6 Qf7 29. Qd6 e4 30. Ne5 Nxe5 31. Qxe5 Re8 32. Ba2 Rxe5 33. Rc8+ Kh7 34. Bxf7 f4 35. Re8 Rf5 36. Bg8+ Kg6 37. Re6+ Kg5 38. Rxe4 Rf6 39. Re5+ Kg6 40. Re6 1-0